|
|
|
|
| LEADER |
02899nam a22003973i 4500 |
| 001 |
EBC6733963 |
| 003 |
MiAaPQ |
| 005 |
20231204023218.0 |
| 006 |
m o d | |
| 007 |
cr cnu|||||||| |
| 008 |
231204s2020 xx o ||||0 eng d |
| 020 |
|
|
|a 9782759231867
|q (electronic bk.)
|
| 035 |
|
|
|a (MiAaPQ)EBC6733963
|
| 035 |
|
|
|a (Au-PeEL)EBL6733963
|
| 035 |
|
|
|a (OCoLC)1258398851
|
| 040 |
|
|
|a MiAaPQ
|b eng
|e rda
|e pn
|c MiAaPQ
|d MiAaPQ
|
| 100 |
1 |
|
|a Huyghe, Christian.
|
| 245 |
1 |
0 |
|a Sugar Beet :
|b A Competitive Innovation.
|
| 264 |
|
1 |
|a Versailles :
|b Quae,
|c 2020.
|
| 264 |
|
4 |
|c ©2023.
|
| 300 |
|
|
|a 1 online resource (155 pages)
|
| 336 |
|
|
|a text
|b txt
|2 rdacontent
|
| 337 |
|
|
|a computer
|b c
|2 rdamedia
|
| 338 |
|
|
|a online resource
|b cr
|2 rdacarrier
|
| 490 |
1 |
|
|a Hors Collection
|
| 505 |
0 |
|
|a Intro -- Contents -- Preface -- Context -- A short history of sugar beet breeding -- The objectives of the AKER programme -- Sugar beet today -- What has changed since the launch of AKER -- The international sugar economy -- Have AKER's obligations to the ANR been fulfilled? -- Genotyping tools and methods -- Sequencing and molecular markers -- Processing of genomic information -- Implementation of the information system -- What is the international impact of the AKER programme? -- Phenotyping tools and methods -- Phenotyping programme -- Phenotyping of seeds and seedlings -- Phenotyping in vegetation, in the field -- Will the AKER programme meet the expectations of the beet industry? -- New genetic material -- Double the rate of annual yield growth -- General outline of the AKER programme -- Evaluation criteria for the 3,000 hybrids -- Results achieved -- Are the achievements of the AKER programme up to the ambitions of departure? -- An open programme -- Complementary programmes -- Answers to new questions -- A dynamic contribution to modern agriculture -- A partnership, collaborative, multidisciplinary programme -- A transversal programme -- A research-education-business continuum -- The power of communication -- An international dimension -- And now, what is the 360° perspectives for the AKER programme? -- Glossary -- Main scientific publications -- Aker partners -- Aker collaborators -- Photos copyrights.
|
| 588 |
|
|
|a Description based on publisher supplied metadata and other sources.
|
| 590 |
|
|
|a Electronic reproduction. Ann Arbor, Michigan : ProQuest Ebook Central, 2023. Available via World Wide Web. Access may be limited to ProQuest Ebook Central affiliated libraries.
|
| 655 |
|
4 |
|a Electronic books.
|
| 700 |
1 |
|
|a Desprez, Bruno.
|
| 700 |
1 |
|
|a Laudinat, Vincent.
|
| 700 |
1 |
|
|a Guillaume, Didier.
|
| 776 |
0 |
8 |
|i Print version:
|a Huyghe, Christian
|t Sugar Beet
|d Versailles : Quae,c2020
|
| 797 |
2 |
|
|a ProQuest (Firm)
|
| 830 |
|
0 |
|a Hors Collection
|
| 856 |
4 |
0 |
|u https://ebookcentral.proquest.com/lib/matrademy/detail.action?docID=6733963
|z Click to View
|